MUSIKCHARTS: Deutsche TOP-100-Jahrescharts 1999 - Statistiken

Allgemein
  • Dieses Quiz wurde 155 mal gespielt
  • Das Durchschnittsergebnis liegt bei 33 aus 100
Antwortstatistiken
Platz Interpret Lied % Korrekt
3 Britney Spears ...Baby One More Time
93%
43 Britney Spears (You Drive Me) Crazy
93%
57 Britney Spears Sometimes
93%
14 Backstreet Boys I Want It That Way
85%
75 Backstreet Boys Larger Than Life
85%
12 Die Fantastischen Vier MfG (Mit freundlichen Grüßen)
82%
1 Lou Bega Mambo No. 5 (A Little Bit Of...)
73%
16 Cher Believe
72%
39 Cher Strong Enough
72%
45 Stefan Raab Maschen-Draht-Zaun
72%
13 Bloodhound Gang The Bad Touch
70%
23 Bloodhound Gang Along Comes Mary
70%
2 Eiffel 65 Blue (Da Ba Dee)
68%
7 Christina Aguilera Genie In A Bottle
67%
33 Vengaboys Boom, Boom, Boom, Boom!!
67%
54 Vengaboys We're Going To Ibiza!
67%
6 Oli. P So bist du (und wenn Du gehst...)
66%
31 Oli.P I Wish
66%
74 Oli. P Flugzeuge im Bauch
66%
91 Scooter Faster Harder Scooter
66%
25 Will Smith Wild Wild West
62%
67 Will Smith Miami
62%
41 Echt Du trägst keine Liebe in dir
61%
15 Liquido Narcotic
60%
51 Ricky Martin Livin' la vida loca
58%
17 Loona Hijo de la luna
46%
30 Loona Mamboleo
46%
9 Xavier Naidoo Sie sieht mich nicht
46%
97 Metallica Whiskey In The Jar
45%
4 Emilia Big Big World
42%
64 Jan Delay a. k. a. Eissfeldt feat. Dennis Dubplate / Absolute Beginner Irgendwie, irgendwo, irgendwann
41%
49 Ronan Keating When You Say Nothing At All
41%
18 The Offspring Pretty Fly (For A White Guy)
41%
27 TLC No Scrubs
39%
96 TLC Unpretty
39%
35 Sasha If You Believe
38%
63 Sasha We Can Leave The World
38%
68 Sasha I Feel Lonely
38%
59 Guano Apes Lords Of The Boards
37%
89 Madonna The Power Of Good-Bye
36%
98 Madonna Beautiful Stranger
36%
34 Shania Twain That Don't Impress Me Much
36%
24 Wolfgang Petry Die längste Single der Welt
34%
5 Whitney Houston My Love Is Your Love
33%
83 Whitney Houston It's Not Right But It's Okay
33%
88 Pur Partyhitmix
32%
19 Ö la Palöma Boys Ö la palöma
31%
20 2Pac Changes
28%
77 Enrique Iglesias Bailamos
28%
61 Lenny Kravitz Fly Away
28%
26 Tarkan Simarik
28%
65 Absolute Beginner Liebes Lied
27%
11 Blondie Maria
27%
48 Jay-Z Hard Knock Life (Ghetto Anthem)
27%
80 Jay-Z feat. Amil & Ja Rule Can I Get A...
27%
8 Mr. Oizo Flat Beat
26%
36 Texas Summer Son
24%
37 Mariah Carey & Whitney Houston When You Believe
23%
38 Puff Daddy feat. R. Kelly Satisfy You
23%
47 Boyzone No Matter What
22%
32 Jennifer Lopez If You Had My Love
21%
40 R. Kelly If I Could Turn Back The Hands Of Time
20%
55 DJ Tomekk vs. Grandmaster Flash feat. Afrob, Flavor Flav & MC Rene 1, 2, 3, ... Rhymes Galore (From New York To Germany)
18%
10 Wamdue Project King Of My Castle
17%
44 Freundeskreis mit Joy Denalane Mit dir
15%
28 Ann Lee 2 Times
12%
42 Aquagen Ihr seid so leise!
12%
50 Die 3. Generation Vater wo bist du?
12%
46 E Nomine Vater unser
12%
90 Bryan Adams feat. Melanie C. When You're Gone
11%
93 Mariah Carey Heartbreaker
11%
79 WestBam BeatBoxRocker
10%
76 Hermes House Band I Will Survive (La La La)
9%
56 Modern Talking You Are Not Alone
9%
69 Rollergirl Dear Jessie
9%
82 2-4 Family Lean On Me (With The Family)
7%
81 Everlast What It's Like
7%
21 Music Instructor feat. Abe Get Freaky
7%
86 Chicane feat. Maire Brennan Saltwater
6%
92 Kami & Purple Schulz Ich will raus (Sehnsucht) '99
6%
84 LeAnn Rimes How Do I Live
6%
99 Nas Hate Me Now
6%
29 Sara @ Tic Tac Two Nie wieder
6%
53 Sixpence None The Richer Kiss Me
6%
70 Laura Immer wieder
5%
66 Mellow Trax Phuture Vibes
5%
72 Mellow Trax Outa Space
5%
58 TQ Bye Bye Baby
5%
60 TQ Westside
5%
87 Phats & Small Turn Around
3%
52 Spike Respect
3%
85 Spike It Takes Two (Deeper Love)
3%
22 Andru Donalds All Out Of Love
2%
73 Blue Nature A Life So Changed
2%
62 Passion Fruit The Rigga-Ding-Dong-Song
2%
71 Qconnection Java (All Da Ladies Come Around)
2%
100 Christian Wunderlich & Kirstin Hall Forever Tonight
1%
95 DJ Sakin & Friends Nomansland (David's Song)
1%
78 In-Mood feat. Juliette The Last Unicorn
1%
94 United Dee Jays For Central America Too Much Rain
1%
Keine übereinstimmenden Quizze gefunden
Verteilung der Resultate
Anzahl Personen mit jedem Resultat
Perzentil nach korrekt beantworteten Fragen
Ihre Resultats-Entwicklung
Sie haben dieses Quiz noch nicht gespielt